guess the band by the names - Statistics

General Stats
  • This quiz has been taken 33 times
  • The average score is 17 of 21
Answer Stats
Hint Answer % Correct
Freddie Brian Roger John queen
100%
brain Angus Malcolm phil Stevie cliff AC DC
96%
John Paul George Ringo the Beatles
96%
ozzy tony geezer bill black sabbath
92%
Paul gene ace peter kiss
92%
James Kirk Lars cliff metallica
92%
axel slash duff Izzy Steven guns and roses
88%
Kurt Dave krist Nirvana
88%
mick Keith Ronnie chuck rolling stones
88%
Anthony John flea Chad red hot chili peppers
85%
Robert Jimmy John John led zeppelin
81%
Steven Joe brad joey Aerosmith
77%
Roger Pete John Keith the who
77%
David Sammy Eddie Alex Michael Van Halen
77%
Billie trey Mike green day
73%
Vince Nikki Tommy mick motley crue
73%
David Roger Richard Nick pink Floyd
69%
thom Jonny Collin Philip ed Radiohead
69%
Bruce Steve Nicko Dave Adrian janick iron maiden
58%
Chester Mike Rob Joe brad Dave Linkin Park
58%
don Joe Timothy Vince deacon the eagles
38%
No matching quizzes found
Score Distribution
Percent of People with Each Score
Percentile by Number Answered
Your Score History
You have not taken this quiz